ნორმალური ფორმატი
MARC ფორმატი
ჩანაწერი Personal Name
ჩანაწერთა რაოდენობა, რომელიც გამოყენებულია: 1
001 - CONTROL NUMBER
- control field: 23243
003 - CONTROL NUMBER IDENTIFIER
- control field: GE_BSU
005 - DATE AND TIME OF LATEST TRANSACTION
- control field: 20240919125853.0
008 - FIXED-LENGTH DATA ELEMENTS
- fixed length control field: 240919|| aca||aabn | a|a d
040 ## - CATALOGING SOURCE
- Original cataloging agency: GE_BSU
- Transcribing agency: GE_BSU
100 ## - HEADING--PERSONAL NAME
- Personal name: Kratter, Matthew R.
670 ## - SOURCE DATA FOUND
- Source citation: Work cat.: (GE_BSU): Kratter, Matthew R., A Beginner's Guide to the Stock Market: Everything You Need to Start Making Money Today
